000 00810nam a2200253Ia 4500
003 OSt
005 20220923211253.0
006 a|||||r|||| 00| 0
007 ta
008 Pun
020 _a9788178836621 (hbk)
_c300
024 _a284,558
037 _b940, 27/03/2015, H.K. Prakashan
_cTextual
040 _aARTS
_cARTS
_bPun
041 _2Pun
_aPun
082 _aO153,3:g, Q0
100 _aਜਸਪਾਲ ਕੌਰ
245 0 _aਪਾਠ ਸਿਧਾਂਤ ਤੇ ਪਾਠਕੀ ਪ੍ਰਵਚਨ
260 _aਲੁਧਿਆਣਾ
_b ਚੇਤਨਾ ਪ੍ਰਕਾFਨ
_c2010
300 _a131ਪੰ
_ccm.
650 _aਪੰਜਾਬੀ ਸਾਹਿਤ
942 _hO153,3:g, Q0
_cTEXL
_2CC
999 _c298017
_d298017